header

Abraham and Mary Lincoln (Record no. 145815)

MARC details
000 -LEADER
fixed length control field 01508nam a2200385 a 4500
082 04 - DEWEY DECIMAL CLASSIFICATION NUMBER
Classification number 973.7092
-- B
100 1# - MAIN ENTRY--AUTHOR NAME
Personal name Winkle, Kenneth J.
245 10 - TITLE STATEMENT
Title Abraham and Mary Lincoln
260 ## - PUBLICATION, DISTRIBUTION, ETC. (IMPRINT)
Place of publication Carbondale :
Name of publisher Southern Illinois University Press,
Year of publication 2011.
300 ## - PHYSICAL DESCRIPTION
Number of Pages ix, 147 p. :
Other physical details ill., ports.
490 1# - SERIES STATEMENT
Series statement Concise Lincoln library
650 #0 - SUBJECT ADDED ENTRY--TOPICAL TERM
Topical Term Presidents
Topical Term Presidents' spouses
856 40 - ELECTRONIC LOCATION AND ACCESS
Uniform Resource Identifier http://site.ebrary.com/lib/rucke/Doc?id=10528280

No items available.

© 2026 Rongo University
Contact us: librarian | system librarian | Rongo university